Film par emojis - Statistiques

Statistiques générales
  • Ce quiz a été pris 2 373 fois
  • Le résultat moyen est 8 sur 30
Statistiques - réponses
Emojis Réponse % Correct
🎩🏭🍫 Charlie et la Chocolaterie
87%
🕶️👽🕶️ Men In Black
68%
🐼🍜👊 Kung fu Panda
63%
🦉🏰🚂 Harry Potter
62%
🧞‍♂️🕌🐒 Aladdin
61%
🦖🚁🦠 Jurassic Park
59%
👨‍🚀🌊🕳️ Interstellar
51%
📼🦝☄️ Les Gardiens de la Galaxie
42%
🦐🏃🏓 Forrest Gump
39%
🚘⏱️🌩️ Retour vers le Futur
34%
🏹💀1️⃣ Hunger Games
31%
☎️👨‍💻💊 Matrix
31%
🦊🐶🚜 Rox et Rouky
28%
👴🧑👶 L'Étrange Histoire de Benjamin Button
19%
🤠🚀👨‍🚀 Toy Story
14%
😡🥁🎶 Whiplash
14%
🛁💤💭 Inception
12%
🏔️🎄🎁 Le Grinch
11%
🐷👹🐉 Le Voyage de Chihiro
8%
📆✈️🧳 Le Terminal
6%
🎰💰👨‍💻 Ocean's Eleven
6%
🐀⚡💀 La Ligne Verte
5%
🇨🇵☕📸 Le Fabuleux Destin d'Amélie Poulain
5%
⚰️👩‍👧‍👦🕯️ Les Autres
3%
⛸️😊😭 Vice-Versa
3%
🛳️🚁🏴‍☠️ Capitaine Phillips
2%
👈🚙👴 Gran Torino
2%
👻💍👦 Sixième Sens
2%
💪🍰🏜️ Astérix et Obélix Mission Cléopâtre
1%
🏥🚲🎧 Mommy
0%
Aucun quiz correspondant
Distribution des résultats
% des personnes avec chaque résultat
Percentile par nombre de réponses
Votre historique - résultats
Vous n’avez pas pris ce quiz